000 00343nam a22001337a 4500
005 20160323113024.0
008 070814s2008 nyua 001 0 eng
020 _a9780071486392
020 _a0071486399
041 0 _aeng
080 _a004
245 1 0 _aMicrosoft Exchange server 2007 :
_cNick Cavalancia.
942 _2udc
_cBK
999 _c630
_d630